000 01472nam a2200265Ia 4500
001 18084
003 GE_BSU
008 181216s||||||||xx |||||||||||||| ||und||
020 _a99940-61-31-3
040 _cGE_BSU
245 _aXXVI რესპუბლიკური დიალექტოლოგიური სამეცნიერო სესია:მასალები
245 _b2006 წ. 14-16 ნოემბერი
245 _cრედ.: მ. ჩუხუა, მ. ბერიძე
250 _aქართ. ენ. მეცნ. შესწავლის სამეცნ. საბჭო, დიალექტოლ. სამეცნ. საბჭო, ენათმეცნ. ინ-ტი
260 _aთბილისი
260 _bუნივერსალი
260 _c2006
300 _a72გვ. ; 20სმ
520 _aეძღვნება გიორგი როგავას დაბადების 100 წლისთავს.
541 _h3ლ.
653 _aXXVI რესპუბლიკური დიალექტოლოგიური სამეცნიერო სესია
653 _aკავკასიური ენები; დიალექტოლოგია
653 _aქართული ენის დიალექტები; ქართველური ენების დიალექტები;
942 _cBK
999 _c51127
_d51127